WWII Planes - Statistics

General Stats
  • This quiz has been taken 377 times
  • The average score is 6 of 6
Answer Stats
Hint Answer % Correct
P-51 Mustang, Boeing B-29 Superfortress, F4U Corsair United States | USA
100%
Messerschmitt Bf 109, Messerschmitt Me 262, Junkers Ju87 “Stuka” Nazi Germany | Germany
98%
Polikarpov I-153, Lavochkin La-7, Mikoyan-Gurevich MiG-1 USSR | Russia
98%
Mitsubishi A6M Zero, Nakajima Ki-84, Kawasaki Ki-10 Empire of Japan | Imperial Japan | Japan
97%
Supermarine Spitfire, Avro 683 Lancaster, Hawker Hurricane The British Empire | U.K | Great Britain
95%
Ambrosini SAI.207, Breda Ba.201, CANT Z.1007 Italy
93%
No matching quizzes found
Score Distribution
Percent of People with Each Score
Percentile by Number Answered
Your Score History
You have not taken this quiz